000 00558nam a2200169 i 4500
001 49361
003 ES-MaACL
005 20230906161932.0
007 t|
008 030715s1931 sp ||||1| spa d
100 1 _aCorthis, André.
_940927
245 1 0 _aPeregrinaciones por España
_b: Santiago de Compostela-Salamanca-Toledo-Zaragoza /
_cAndré Corthis ; traducida del francés por Jacinto Ramos.
260 _aMadrid :
_b[s.n.],
_c1931 (
_fSèz Hermanos)
300 _a206 p. ;
_c19 cm.
700 1 _aRamos, Jacinto.
_995262
852 _aES-MaACL
_jB-12301
999 _c49361
_d49361